000 00302nam a22001217a 4500
020 _a9780727731708
082 _a624.15136
_bRAI/GR
245 _aGround and Soil Improvement
260 _aNew Delhi
_bThe Institution of Civil Engineers
_c2014
300 _a193
700 _aRaison,C.A
_9814
942 _cBK
999 _c14477
_d14477